[Event "Titled Tue 27th May Early"]
[Site "chess.com INT"]
[Date "2025.05.27"]
[Round "8"]
[White "Mitrabha, Guha"]
[Black "Xue, Haowen"]
[Result "1/2-1/2"]
[WhiteTitle "GM"]
[BlackTitle "GM"]
[WhiteElo "2515"]
[BlackElo "2518"]
[WhiteFideId "5057000"]
[BlackFideId "8625492"]
[EventDate "2025.05.27"]

1. Nf3 Nf6 2. c4 b6 3. g3 Bb7 4. Bg2 c5 5. O-O g6 6. b3 Bg7 7. Bb2 O-O 8. d3 d6
9. Nbd2 Nbd7 10. a3 a6 11. b4 b5 12. Qb3 Qb6 13. Rab1 Rab8 14. cxb5 axb5 15.
Bxf6 Bxf6 16. bxc5 Nxc5 17. Qxb5 Qa7 18. Qc4 Qxa3 19. d4 Ba6 20. Qc1 Qxc1 21.
Rfxc1 Rxb1 22. Rxb1 Nd7 23. e3 Rb8 24. Ra1 Bb7 25. Ra7 Nb6 26. Ne1 Bxg2 27. Kxg2
Nd5 28. Nd3 Kg7 29. Ra3 Rc8 30. e4 Nc3 31. e5 dxe5 32. dxe5 Bg5 33. Nf3 Bh6 34.
Ra7 Nd5 35. Rd7 e6 36. Nd4 Kg8 37. Nb5 Bf8 38. h4 Rb8 39. Nd4 Rb3 40. Ne1 Rb4
41. Nef3 h6 42. Nc6 Rc4 43. Na5 Rc7 44. Rd8 Kg7 45. Nb3 Be7 46. Rb8 Rc3 47. Nbd4
Bc5 48. Rb7 Kg8 49. Rb8+ Kg7 50. Rb7 Kg8 51. Rb2 Rc4 52. Nb5 Rb4 53. Rxb4 Nxb4
54. Nc3 Nd3 55. Ne4 Bb6 56. Nf6+ Kg7 57. Nd7 Bxf2 58. g4 Ba7 59. Kg3 Be3 60. h5
Bf4+ 61. Kg2 g5 62. Kf1 Nb4 63. Ke2 Nc6 64. Kd3 Ne7 65. Ke4 Nd5 66. Nd4 Ne3 67.
Kf3 Nc4 68. Nc6 Nd2+ 69. Ke2 Nc4 70. Kf3 Nd2+ 71. Ke2 Nb3 72. Kf3 Kh8 73. Nd8
Kg8 74. Nc6 Nd2+ 75. Ke2 Nc4 76. Kf3 Bc1 77. Ne7+ Kg7 78. Nc6 Bb2 79. Ke4 Bc1
80. Kf3 Bf4 81. Ke2 Nd2 82. Nf6 Nc4 83. Nd7 Ne3 84. Kf3 Nd5 85. Ke4 Bd2 86. Kf3
Bc3 87. Ke4 Nf4 88. Kf3 Nd5 89. Ke4 Bd2 90. Kf3 Bf4 91. Ke4 Ne3 92. Kf3 Nc4 93.
Ke4 Kg8 94. Nf6+ Kh8 95. Nd7 Kg7 96. Kf3 1/2-1/2

[Event "Titled Tue 27th May Early"]
[Site "chess.com INT"]
[Date "2025.05.27"]
[Round "8"]
[White "Nikologorskiy, Konstantin"]
[Black "Karimova, Guldona"]
[Result "1-0"]
[WhiteTitle "IM"]
[BlackTitle "WIM"]
[WhiteElo "2413"]
[BlackElo "2265"]
[WhiteFideId "24111708"]
[BlackFideId "14210410"]
[EventDate "2025.05.27"]

1. e4 c5 2. Nf3 d6 3. d4 cxd4 4. Nxd4 Nf6 5. Nc3 Nc6 6. Bc4 Qb6 7. Nb3 a6 8. O-O
e6 9. Re1 Be7 10. Be3 Qc7 11. a4 b6 12. Bg5 O-O 13. Bf1 h6 14. Bh4 Bb7 15. Nd4
Nxd4 16. Qxd4 Qc5 17. Qd3 Rac8 18. Rad1 Rfd8 19. Bg3 d5 20. e5 Ne4 21. Nxe4 dxe4
22. Qb3 Rxd1 23. Rxd1 Bd5 24. Qe3 Qxe3 25. fxe3 Rxc2 26. Bxa6 Rxb2 27. Rc1 Bc5
28. Bf2 Ra2 29. Bb5 Bb3 30. Bc6 Bd5 31. Bb5 g5 32. h3 Kg7 33. Kf1 Kg6 34. g4 Ra3
35. Re1 Bb4 36. Re2 Bc3 37. Bg3 Ra1+ 38. Kg2 Bb3 39. Bc6 Bd5 40. Bb5 Kg7 41. h4
Bb3 42. hxg5 hxg5 43. Bc6 Bd1 44. Rf2 Bf3+ 45. Rxf3 exf3+ 46. Kxf3 Ra3 47. Ke4
Bd2 48. Bf2 Bc1 49. Bb5 Ra2 50. Be1 Bd2 51. Bg3 Rb2 52. Kd3 Bb4 53. Bc6 Bc5 54.
Ke4 Re2 55. Kf3 Rxe3+ 56. Kg2 Re2+ 57. Kf3 Rb2 58. Be1 Rb3+ 59. Kg2 Re3 60. Bg3
Bd4 61. Bb5 Bxe5 62. Bf2 Ra3 63. Bxb6 Ra2+ 64. Kf3 Ra3+ 65. Ke4 Bf4 66. Bc5 Kg6
67. Bxa3 f5+ 68. Kf3 e5 69. gxf5+ Kxf5 70. Bd3+ Kf6 71. a5 g4+ 72. Kxg4 Be3 73.
Kf3 Bd4 74. Ke4 Ba7 75. Bc4 Bd4 76. Bd6 Kg5 77. Bxe5 Ba7 78. Bd4 Bb8 79. a6 Kg6
80. a7 Bxa7 81. Bxa7 Kf6 82. Bd4+ Ke7 83. Be5 Kd7 84. Bd5 Ke7 85. Kf5 Kd7 86.
Kf6 Ke8 87. Be6 Kd8 88. Bd6 Ke8 89. Bc7 Kf8 90. Bd7 Kg8 91. Kg6 Kf8 92. Bd6+ Kg8
93. Be6+ Kh8 94. Be5# 1-0

[Event "Titled Tue 27th May Early"]
[Site "chess.com INT"]
[Date "2025.05.27"]
[Round "8"]
[White "Maltsevskaya, Aleksandra"]
[Black "Wijerathna, Vinuka Dihain"]
[Result "1/2-1/2"]
[WhiteTitle "IM"]
[BlackTitle "CM"]
[WhiteElo "2398"]
[BlackElo "2063"]
[WhiteFideId "24174041"]
[BlackFideId "29981905"]
[EventDate "2025.05.27"]

1. Nf3 d5 2. g3 Nd7 3. d3 Ngf6 4. Bg2 e5 5. O-O Bc5 6. Nbd2 e4 7. Nh4 e3 8. Nb3
exf2+ 9. Kh1 Bb6 10. e3 O-O 11. Rxf2 Ne5 12. h3 g6 13. Bd2 Nh5 14. Kh2 Qg5 15.
Nf3 Qxg3+ 16. Kg1 Bxh3 17. Nxe5 Bxg2 18. Rxg2 Qxe5 19. d4 Qg7 20. Qf3 c6 21. Rf1
f5 22. Nc1 Nf6 23. Nd3 Bc7 24. Nc5 Rae8 25. Nxb7 Ng4 26. Nc5 Qh6 27. Re1 Bh2+
28. Kf1 Bd6 29. Kg1 Qh4 30. Nd3 Nh2 31. Qf2 Qxf2+ 32. Rxf2 Ng4 33. Rg2 Re6 34.
Bb4 Bxb4 35. Nxb4 Rxe3 36. Rxe3 Nxe3 37. Re2 f4 38. Nxc6 Kf7 39. b4 a6 40. a4
Ke6 41. b5 axb5 42. axb5 Kd6 43. Ne5 Rb8 44. Rh2 Rb7 45. c3 h5 46. Nxg6 Rg7 47.
Rxh5 Rxg6+ 48. Kf2 Nd1+ 49. Kf3 Nxc3 50. b6 Kc6 51. Kxf4 Kxb6 52. Rh8 Nb5 53.
Ke5 Nc7 54. Rh7 Re6+ 55. Kf5 Re4 56. Rh6+ Kb7 57. Rh7 Rxd4 58. Ke5 Rc4 59. Kd6
Rc6+ 60. Ke5 Kb6 61. Kd4 Nb5+ 62. Kxd5 Rc5+ 63. Ke4 Rc4+ 64. Kd3 Rd4+ 65. Ke3
Rd6 66. Ke4 Kc5 67. Ke5 Rd5+ 68. Ke4 Nd6+ 69. Ke3 Nc4+ 70. Ke4 Rd4+ 71. Kf3 Ne5+
72. Ke3 Nc4+ 73. Kf3 Kb4 74. Rh8 Kc3 75. Rc8 Rd3+ 76. Ke4 Re3+ 77. Kf4 Rd3 78.
Ke4 Rd4+ 79. Kf3 Kd3 80. Re8 Nd2+ 81. Kf2 Rf4+ 82. Kg3 Rf3+ 83. Kg4 Rf6 84. Rd8+
Ke2 85. Ra8 Ne4 86. Ra3 Nd2 87. Ra8 Nc4 88. Kg5 Rf3 89. Kg4 Ne3+ 90. Kg5 Rf5+
91. Kg6 Kf3 92. Ra3 Rf4 93. Ra5 Ke4 94. Ra4+ Kf3 95. Rxf4+ Kxf4 1/2-1/2

[Event "Titled Tue 27th May Early"]
[Site "chess.com INT"]
[Date "2025.05.27"]
[Round "8"]
[White "Teh, Wee Zhun"]
[Black "Golubovic, Erik"]
[Result "1/2-1/2"]
[WhiteTitle "CM"]
[BlackTitle "CM"]
[WhiteElo "2010"]
[BlackElo "2184"]
[WhiteFideId "5707277"]
[BlackFideId "14586908"]
[EventDate "2025.05.27"]

1. d4 Nf6 2. c4 e6 3. Nc3 c5 4. d5 exd5 5. cxd5 d6 6. e4 g6 7. Bd3 Bg7 8. h3 O-O
9. Nf3 a6 10. a4 Re8 11. O-O Nbd7 12. Bf4 Qe7 13. Re1 Nh5 14. Bh2 Ne5 15. Be2
Nxf3+ 16. Bxf3 Nf6 17. e5 dxe5 18. d6 Qd8 19. Bxe5 Nd7 20. Bxg7 Rxe1+ 21. Qxe1
Kxg7 22. Qe7 Qxe7 23. dxe7 Nf6 24. Rd1 Bd7 25. Bxb7 Re8 26. Re1 Be6 27. Bxa6
Rxe7 28. Bb5 Ra7 29. Ne4 Nxe4 30. Rxe4 Kf6 31. Re3 Ke7 32. Rc3 Kd6 33. f4 Bd5
34. Kf2 Bc6 35. Bxc6 Kxc6 36. b3 Kd5 37. Ke3 Re7+ 38. Kd3 Re1 39. Rc2 Rb1 40.
Kc3 Rf1 41. Ra2 Kc6 42. a5 Kb7 43. a6+ Ka7 44. Kc4 Rc1+ 45. Kb5 Rc3 46. Ra3 c4
47. Kb4 Rc2 48. bxc4 Rxg2 49. c5 Rc2 50. Kb5 f6 51. Kc6 g5 52. fxg5 fxg5 53. Kd6
Rd2+ 54. Kc7 Rc2 55. c6 h5 56. Kd7 Rd2+ 57. Kc8 Rc2 58. c7 g4 59. hxg4 hxg4 60.
Rg3 Rc4 61. Ra3 Kb6 62. a7 Rxc7+ 63. Kd8 Rxa7 64. Rb3+ Ka6 65. Rg3 Rb7 66. Rxg4
Rb6 67. Ra4+ Kb5 68. Ra1 Kc5 69. Rc1+ Kd4 70. Rd1+ Ke3 71. Rd7 Rb2 72. Kc7 Rc2+
73. Kb6 Rd2 74. Re7+ Kf2 75. Rf7+ Ke2 76. Kc5 Kd1 77. Kc4 Rh2 78. Kd3 Rh3+ 79.
Ke4 Kc1 80. Rf2 Kd1 81. Kf4 Ke1 82. Rg2 Ra3 83. Ke4 Kd1 84. Kd4 Ke1 85. Rb2 Rh3
86. Rb1+ Kd2 87. Rb2+ Kd1 88. Rb1+ Kd2 89. Rb2+ Kd1 90. Ra2 Rg3 91. Ke4 Rh3 92.
Kf4 Ke1 93. Ra1+ Kd2 94. Ra2+ Ke1 95. Ra1+ Kd2 96. Ra2+ Ke1 1/2-1/2

[Event "Titled Tue 27th May Early"]
[Site "chess.com INT"]
[Date "2025.05.27"]
[Round "8"]
[White "Klekowski, Maciej"]
[Black "Ahmad, Khagan"]
[Result "1/2-1/2"]
[WhiteTitle "GM"]
[BlackTitle "IM"]
[WhiteElo "2474"]
[BlackElo "2405"]
[WhiteFideId "1132717"]
[BlackFideId "13431552"]
[EventDate "2025.05.27"]

1. c4 e6 2. Nf3 d5 3. d4 Nf6 4. g3 Be7 5. Bg2 O-O 6. O-O dxc4 7. Qc2 a6 8. a4
Bd7 9. Ne5 Bc6 10. Nxc6 Nxc6 11. e3 Na5 12. Nd2 c5 13. Nxc4 cxd4 14. Nxa5 Qxa5
15. exd4 Nd5 16. Bd2 Bb4 17. Bxd5 exd5 18. Be3 Rac8 19. Qf5 g6 20. Qd3 Rfe8 21.
h4 h5 22. Bf4 Bf8 23. Qb3 Red8 24. Qxb7 Rc4 25. Bg5 Rdc8 26. Rfe1 R8c7 27. Qb8
Rc8 28. Qe5 Bg7 29. Bf6 Bxf6 30. Qxf6 Rxa4 31. Rad1 Rac4 32. Re7 Rf8 33. g4 Qa4
34. Rd3 Rc1+ 35. Kg2 Qb5 36. Ree3 Rc6 37. Qg5 hxg4 38. h5 Re6 39. Qxg4 Rxe3 40.
Rxe3 Qc6 41. Re5 Kg7 42. hxg6 fxg6 43. Qg5 Rf7 44. Qd8 Qf6 45. Qxf6+ Kxf6 46.
Rxd5 Rb7 47. Rd6+ Kf5 48. Rxa6 Rxb2 49. Rd6 Rb3 50. f3 Kf4 51. Rf6+ Kg5 52. Re6
Rd3 53. Re4 Rd2+ 54. Kg3 Kf5 55. Rf4+ Kg5 56. Rg4+ Kf5 57. Re4 Kg5 58. Re5+ Kf6
59. Rd5 Ke6 60. Rd8 Ke7 61. Rd5 Ke6 62. Re5+ Kf6 63. Re4 Kf5 64. Rh4 Rd1 65. Kf2
Rd3 66. Ke2 Ra3 67. Re4 Rb3 68. d5 Rb5 69. Rd4 Ke5 70. Rd1 Rb2+ 71. Ke3 Rb3+ 72.
Kf2 Kd6 73. Kg3 Rb4 74. f4 Rb5 75. Kg4 Rxd5 76. Re1 Kd7 77. Re2 Rd3 78. Re4 Rd1
79. Kg5 Rg1+ 80. Kf6 Rg4 81. Rd4+ Ke8 82. Rc4 Kd7 83. Rd4+ Ke8 84. Ke6 Rg1 85.
Rb4 Kd8 86. Kf6 Rg4 87. Ke5 Kd7 88. Rb7+ Ke8 89. Ke6 Kf8 90. Ke5 Kg8 91. Ra7 Kf8
92. Ra6 Kg7 93. Re6 Rg1 94. Re7+ Kh6 95. Kf6 Rf1 96. Ke5 Re1+ 97. Kf6 Rf1 98.
Re4 Ra1 99. Re8 Ra6+ 100. Ke5 Kh5 101. Rg8 Kg4 102. Ke4 Re6+ 103. Kd5 Rf6 104.
Ke5 Rf5+ 105. Ke6 Kh5 106. Rh8+ Kg4 107. Rg8 Kh5 108. Rh8+ Kg4 109. Rh6 g5 110.
fxg5 Rxg5 111. Rf6 Kh5 112. Kf7 Kg4 113. Rg6 Kf5 114. Rxg5+ Kxg5 1/2-1/2

[Event "Titled Tue 27th May Early"]
[Site "chess.com INT"]
[Date "2025.05.27"]
[Round "9"]
[White "Noy, Eyal"]
[Black "Burmakin, Vladimir"]
[Result "0-1"]
[WhiteTitle "FM"]
[BlackTitle "GM"]
[WhiteElo "2346"]
[BlackElo "2435"]
[WhiteFideId "2821117"]
[BlackFideId "4105109"]
[EventDate "2025.05.27"]

1. e4 c6 2. c4 d5 3. cxd5 cxd5 4. exd5 Nf6 5. Qa4+ Nbd7 6. Nc3 a6 7. Nge2 g6 8.
Nf4 Bg7 9. Bc4 O-O 10. d3 b5 11. Nxb5 Nb6 12. Qb3 axb5 13. Qxb5 Ba6 14. Qb3 Nxc4
15. dxc4 Rc8 0-1

[Event "Titled Tue 27th May Early"]
[Site "chess.com INT"]
[Date "2025.05.27"]
[Round "9"]
[White "Fellowes, Billy"]
[Black "Dishman, Stephen"]
[Result "1-0"]
[WhiteTitle "CM"]
[BlackTitle "FM"]
[WhiteElo "2193"]
[BlackElo "2284"]
[WhiteFideId "483540"]
[BlackFideId "403024"]
[EventDate "2025.05.27"]

1. e4 c6 2. d4 d5 3. Nc3 dxe4 4. Nxe4 Bf5 5. Ng5 e6 6. N1f3 Nd7 7. Nh4 Bg6 8.
Bc4 Ngf6 9. Qe2 Be7 10. Nxg6 hxg6 11. Nxf7 Nb6 12. Nxd8 1-0

[Event "Titled Tue 27th May Early"]
[Site "chess.com INT"]
[Date "2025.05.27"]
[Round "9"]
[White "Vusatiuk, Vladimir"]
[Black "Madi, Aidana"]
[Result "1-0"]
[WhiteTitle "IM"]
[BlackTitle "WFM"]
[WhiteElo "2286"]
[BlackElo "1855"]
[WhiteFideId "14118610"]
[BlackFideId "13722689"]
[EventDate "2025.05.27"]

1. e4 c6 2. Nf3 d5 3. Nc3 Bg4 4. h3 Bxf3 5. Qxf3 e6 6. Be2 Bc5 7. O-O Nd7 8. d3
Ngf6 9. Qg3 O-O 10. Kh1 Re8 11. f4 Bd4 12. e5 Nxe5 13. fxe5 Nd7 14. Qf4 Rf8 15.
Qxd4 1-0

[Event "Titled Tue 27th May Early"]
[Site "chess.com INT"]
[Date "2025.05.27"]
[Round "9"]
[White "Arya G Mallar"]
[Black "Aloma Vidal, Robert"]
[Result "0-1"]
[WhiteTitle "WCM"]
[BlackTitle "IM"]
[WhiteElo "2014"]
[BlackElo "2374"]
[WhiteFideId "25115324"]
[BlackFideId "2260409"]
[EventDate "2025.05.27"]

1. c4 a6 2. d4 b5 3. c5 Bb7 4. d5 e6 5. d6 cxd6 6. cxd6 Nf6 7. Bf4 Nc6 8. Nc3 b4
9. Na4 Qa5 10. b3 Nd5 11. Bg3 Nc3 12. Nf3 Nxd1 0-1

[Event "Titled Tue 27th May Early"]
[Site "chess.com INT"]
[Date "2025.05.27"]
[Round "9"]
[White "Piesik, Piotr"]
[Black "Nagare Kaivalya Sandip"]
[Result "0-1"]
[WhiteTitle "IM"]
[BlackTitle "FM"]
[WhiteElo "2436"]
[BlackElo "2321"]
[WhiteFideId "1136194"]
[BlackFideId "25957929"]
[EventDate "2025.05.27"]

1. Nf3 Nf6 2. g3 d5 3. Bg2 e6 4. O-O Be7 5. c4 d4 6. d3 c5 7. b4 O-O 8. bxc5 Nc6
9. Nbd2 Bxc5 10. Nb3 Be7 11. Bb2 e5 12. e3 a5 13. exd4 a4 14. dxe5 axb3 15. exf6
Bxf6 16. Bxf6 Qxf6 17. Qxb3 Bg4 18. Qxb7 Rab8 19. Qc7 Bxf3 20. Bxf3 Qxf3 21. a4
Nd4 22. Rfe1 Rb2 23. Qf4 Ne2+ 24. Rxe2 Qxe2 25. a5 Qxd3 26. a6 Rb1+ 27. Rxb1
Qxb1+ 28. Kg2 Qb6 0-1

[Event "Titled Tue 27th May Early"]
[Site "chess.com INT"]
[Date "2025.05.27"]
[Round "9"]
[White "Kochavi, Dana"]
[Black "Zong, Davis"]
[Result "0-1"]
[WhiteTitle "FM"]
[BlackTitle "FM"]
[WhiteElo "2226"]
[BlackElo "2242"]
[WhiteFideId "2837137"]
[BlackFideId "30903955"]
[EventDate "2025.05.27"]

1. e4 e5 2. Nf3 Nc6 3. Bc4 Bc5 4. d4 exd4 5. Ng5 Nh6 6. Nxf7 Nxf7 7. Bxf7+ Kxf7
8. Qh5+ g6 9. Qxc5 d5 10. Qxd5+ Qxd5 11. exd5 Nb4 12. Kd1 Bf5 13. Na3 Rad8 14.
Bg5 Rxd5 15. Kd2 d3 16. c3 Nc2 17. Nxc2 dxc2+ 18. Kc1 h6 19. Be3 Rhd8 20. b3
Rd1+ 21. Kb2 Rxh1 22. Rxh1 Rd1 0-1

[Event "Titled Tue 27th May Early"]
[Site "chess.com INT"]
[Date "2025.05.27"]
[Round "9"]
[White "Hayrapetyan, Edgar"]
[Black "Mitrabha, Guha"]
[Result "1-0"]
[WhiteTitle "FM"]
[BlackTitle "GM"]
[WhiteElo "2161"]
[BlackElo "2515"]
[WhiteFideId "13313568"]
[BlackFideId "5057000"]
[EventDate "2025.05.27"]

1. e4 c6 2. d4 d5 3. Nc3 dxe4 4. Nxe4 Nf6 5. Nxf6+ gxf6 6. Nf3 h5 7. Bd3 h4 8.
h3 Qd5 9. Qe2 Bf5 10. c4 Bxd3 11. Qxd3 Qh5 12. Be3 Nd7 13. O-O-O O-O-O 14. Qe4
Qh7 15. Qxh7 Rxh7 16. d5 c5 17. Rhe1 b6 18. Bf4 Re8 19. Re4 e5 20. dxe6 fxe6 21.
Be3 Rg7 22. Rg4 Rxg4 23. hxg4 Be7 24. Rh1 Rg8 25. Rxh4 f5 26. Rh7 fxg4 27. Rxe7
gxf3 28. gxf3 Ne5 29. Rxa7 Nxc4 30. Ra8+ 1-0

[Event "Titled Tue 27th May Early"]
[Site "chess.com INT"]
[Date "2025.05.27"]
[Round "9"]
[White "Herrera Ortiz, Miguel"]
[Black "Troltenier, Dirk"]
[Result "1-0"]
[WhiteTitle "IM"]
[BlackTitle "FM"]
[WhiteElo "2174"]
[BlackElo "2174"]
[WhiteFideId "5100550"]
[BlackFideId "4606400"]
[EventDate "2025.05.27"]

1. c4 e6 2. Nf3 d5 3. g3 Nf6 4. Bg2 c5 5. cxd5 e5 6. Nxe5 Bd6 7. Nc4 O-O 8. Nc3
Bg4 9. O-O Re8 10. f3 Bc8 11. e4 Bf8 12. d3 a6 13. a4 b6 14. f4 Bb7 15. Ne3 b5
16. axb5 axb5 17. Rxa8 Bxa8 18. Nxb5 Nbd7 19. e5 Qb6 20. Na3 Nxe5 21. fxe5 1-0

[Event "Titled Tue 27th May Early"]
[Site "chess.com INT"]
[Date "2025.05.27"]
[Round "9"]
[White "Gyurjinyan, Valter"]
[Black "Tristan, Leonardo"]
[Result "0-1"]
[WhiteTitle "CM"]
[BlackTitle "GM"]
[WhiteElo "2208"]
[BlackElo "2536"]
[WhiteFideId "13318179"]
[BlackFideId "113816"]
[EventDate "2025.05.27"]

1. e4 d5 2. exd5 Qxd5 3. Nc3 Qa5 4. d4 Nf6 5. Nf3 Bf5 6. Ne5 c6 7. Bc4 e6 8. g4
Bg6 9. h4 Nbd7 10. h5 Nxe5 11. dxe5 Qxe5+ 12. Be3 Be4 13. O-O Bc5 14. Bxc5 Qxc5
15. Qe2 Bd5 16. Bd3 Qd4 17. g5 Qh4 18. f4 Qg3+ 0-1

[Event "Titled Tue 27th May Early"]
[Site "chess.com INT"]
[Date "2025.05.27"]
[Round "9"]
[White "Papasimakopoulos, Alexandros"]
[Black "Suyarov, Mukhammadzokhid"]
[Result "1-0"]
[WhiteTitle "IM"]
[BlackTitle "IM"]
[WhiteElo "2366"]
[BlackElo "2491"]
[WhiteFideId "4244125"]
[BlackFideId "14210495"]
[EventDate "2025.05.27"]

1. d4 Nf6 2. c4 e6 3. Nc3 Bb4 4. Qb3 Bxc3+ 5. Qxc3 O-O 6. Bg5 d5 7. e3 c6 8. Nf3
Nbd7 9. Bd3 h6 10. Bh4 b6 11. cxd5 cxd5 12. O-O Bb7 13. Rfc1 Rc8 14. Qa3 Rxc1+
15. Rxc1 Qa8 16. h3 Rc8 17. Rxc8+ Bxc8 18. Qe7 g5 19. Bxg5 1-0

[Event "Titled Tue 27th May Early"]
[Site "chess.com INT"]
[Date "2025.05.27"]
[Round "9"]
[White "Tekeyev, Zaur"]
[Black "Kopczynski, Michal"]
[Result "1-0"]
[WhiteTitle "IM"]
[BlackTitle "CM"]
[WhiteElo "2417"]
[BlackElo "2225"]
[WhiteFideId "4199731"]
[BlackFideId "1124200"]
[EventDate "2025.05.27"]

1. e4 b6 2. d4 Bb7 3. Bd3 e6 4. Qe2 Nf6 5. Nh3 d5 6. e5 Nfd7 7. Ng5 g6 8. h4 c5
9. h5 c4 10. hxg6 cxd3 11. gxf7+ Ke7 12. Qg4 Nc5 13. dxc5 Qd7 14. Nxh7 Kd8 15.
Qg8 Rxh7 16. Qxf8+ Kc7 17. Qd6+ Qxd6 18. cxd6+ Kc6 19. Rxh7 Nd7 20. Bf4 dxc2 21.
Na3 1-0

[Event "Titled Tue 27th May Early"]
[Site "chess.com INT"]
[Date "2025.05.27"]
[Round "9"]
[White "Nguyen, Ngoc Truong Son"]
[Black "Andreikin, Dmitry"]
[Result "0-1"]
[WhiteTitle "GM"]
[BlackTitle "GM"]
[WhiteElo "2632"]
[BlackElo "2695"]
[WhiteFideId "12401110"]
[BlackFideId "4158814"]
[EventDate "2025.05.27"]

1. e4 e5 2. Nf3 Nc6 3. Nc3 Nf6 4. d4 exd4 5. Nxd4 Bb4 6. Nxc6 bxc6 7. Bd3 O-O 8.
O-O d5 9. exd5 cxd5 10. h3 Rb8 11. Be3 Bd6 12. Nb5 c5 13. Nxd6 Qxd6 14. b3 d4
15. Bd2 Bb7 16. Re1 Rbe8 17. Rxe8 Rxe8 18. Qf1 Qd5 19. f3 h6 20. Re1 Qd7 21.
Rxe8+ Qxe8 22. Qe1 Qxe1+ 23. Bxe1 Nd5 24. Be4 g6 25. f4 f5 26. Bf3 Kf7 27. g4
Ke6 28. Bd2 Bc6 29. Kf2 Ne7 30. Be2 Be4 31. c3 Nc6 32. Bc4+ Bd5 33. Bb5 dxc3 34.
Bxc3 Nb4 35. Be8 Nxa2 36. Bxg6 Nxc3 0-1

[Event "Titled Tue 27th May Early"]
[Site "chess.com INT"]
[Date "2025.05.27"]
[Round "9"]
[White "Newansa, M Esandi"]
[Black "Sarveshwaran V"]
[Result "0-1"]
[WhiteTitle "WCM"]
[BlackTitle "CM"]
[WhiteElo "1947"]
[BlackElo "2290"]
[WhiteFideId "9999060"]
[BlackFideId "25699016"]
[EventDate "2025.05.27"]

1. d4 Nf6 2. Bf4 g6 3. e3 Bg7 4. c4 O-O 5. Nc3 d6 6. Nf3 Nbd7 7. Be2 Re8 8. h3
c6 9. O-O Nh5 10. Bh2 Qc7 11. e4 e5 12. dxe5 dxe5 13. Nd2 Nf4 14. Bf3 Nc5 15.
Nb3 Nce6 16. Qc2 Ng5 17. Bd1 Qe7 18. Bxf4 exf4 19. f3 Bxh3 20. gxh3 Nxh3+ 21.
Kh1 Qh4 22. Qh2 Re5 23. Kg2 Rg5+ 24. Kh1 Rh5 25. Ne2 Nf2+ 26. Rxf2 Qxf2 27. Qxh5
gxh5 28. Nxf4 Be5 29. Ng2 Qf1# 0-1

[Event "Titled Tue 27th May Early"]
[Site "chess.com INT"]
[Date "2025.05.27"]
[Round "9"]
[White "Aakash, G"]
[Black "Goltsev, Dmitry"]
[Result "0-1"]
[WhiteTitle "FM"]
[BlackTitle "FM"]
[WhiteElo "2114"]
[BlackElo "2183"]
[WhiteFideId "25644394"]
[BlackFideId "24176710"]
[EventDate "2025.05.27"]

1. b3 Nf6 2. Bb2 g6 3. e4 d6 4. Nf3 Bg7 5. Bc4 O-O 6. Qe2 c6 7. O-O Nbd7 8. e5
dxe5 9. Nxe5 Nxe5 10. Bxe5 Bf5 11. Nc3 b5 12. Bd3 Bxd3 13. cxd3 Qd7 14. d4 Rad8
15. Rac1 e6 16. h3 Nd5 17. Ne4 Bxe5 18. dxe5 Nf4 19. Qe3 Nd5 20. Qh6 f5 21. exf6
Nxf6 22. Nc5 Qxd2 23. Qh4 Rd4 24. f4 Nh5 25. Rcd1 Qe3+ 26. Kh1 Ng3+ 27. Kh2
Nxf1+ 28. Rxf1 Rdxf4 29. Rxf4 Qxf4+ 30. Qxf4 Rxf4 31. Nxe6 Rf2 0-1

[Event "Titled Tue 27th May Early"]
[Site "chess.com INT"]
[Date "2025.05.27"]
[Round "9"]
[White "May Sanchez, Andres Elias"]
[Black "Buscar, Michael"]
[Result "0-1"]
[WhiteTitle "CM"]
[WhiteElo "2209"]
[BlackElo "2016"]
[WhiteFideId "5150973"]
[BlackFideId "2603616"]
[EventDate "2025.05.27"]

1. e4 c5 2. Nf3 Nc6 3. d4 cxd4 4. Nxd4 Nf6 5. Nc3 e5 6. Ndb5 h6 7. Nd6+ Bxd6 8.
Qxd6 Qe7 9. Qxe7+ Kxe7 10. Bd3 Rd8 11. O-O Nb4 12. a3 Nxd3 13. cxd3 d5 14. Re1
d4 15. Ne2 b6 16. Bd2 Ba6 17. f4 Bxd3 18. fxe5 Nxe4 19. Bb4+ Nc5 20. Nf4 Bf5 21.
Rac1 Rac8 22. h3 a5 23. Bd2 Nb3 24. Rxc8 Rxc8 25. Nd5+ Ke6 26. Nf4+ Kd7 27. Rd1
Bc2 28. Re1 Nxd2 29. e6+ fxe6 30. Rxe6 Nc4 0-1

[Event "Titled Tue 27th May Early"]
[Site "chess.com INT"]
[Date "2025.05.27"]
[Round "9"]
[White "Giri, Anish"]
[Black "Lazavik, Denis"]
[Result "1/2-1/2"]
[WhiteTitle "GM"]
[BlackTitle "GM"]
[WhiteElo "2738"]
[BlackElo "2577"]
[WhiteFideId "24116068"]
[BlackFideId "13515110"]
[EventDate "2025.05.27"]

1. e4 e5 2. Nf3 Nc6 3. Bc4 Nf6 4. d3 Be7 5. O-O O-O 6. Re1 d6 7. a4 Be6 8. Nbd2
Bxc4 9. Nxc4 h6 10. Bd2 Re8 11. b4 Bf8 12. b5 Ne7 13. Qb1 Ng6 14. h3 d5 15. exd5
Qxd5 16. Ne3 Qd7 17. Bb4 e4 18. dxe4 Rxe4 19. Bxf8 Rxf8 20. Qb3 Rfe8 21. Rad1
Qc8 22. Nd5 Rxe1+ 23. Rxe1 Rxe1+ 24. Nxe1 Nxd5 25. Qxd5 Nf4 26. Qe4 Qe6 27. Qxf4
Qxe1+ 28. Kh2 Qe7 29. a5 Qc5 30. c4 a6 31. Qe4 c6 32. Qe8+ 1/2-1/2

[Event "Titled Tue 27th May Early"]
[Site "chess.com INT"]
[Date "2025.05.27"]
[Round "9"]
[White "Safin Safarullakhan"]
[Black "Tilahun, Abel Mathewos"]
[Result "1-0"]
[WhiteTitle "CM"]
[BlackTitle "CM"]
[WhiteElo "2109"]
[BlackElo "1944"]
[WhiteFideId "33379475"]
[BlackFideId "15702391"]
[EventDate "2025.05.27"]

1. e4 e6 2. d4 d5 3. e5 c5 4. c3 Qb6 5. Nf3 Bd7 6. a3 Ne7 7. Bd3 Nbc6 8. Bc2 Rc8
9. O-O cxd4 10. cxd4 Na5 11. Nc3 Nf5 12. Bxf5 exf5 13. Nxd5 Qd8 14. Bg5 f6 15.
exf6 Bc6 16. f7+ Kxf7 17. Ne5+ Kg8 18. Bxd8 Bxd5 19. Bxa5 1-0

[Event "Titled Tue 27th May Early"]
[Site "chess.com INT"]
[Date "2025.05.27"]
[Round "9"]
[White "Gutman, Gennadi"]
[Black "Lopez Abreu, Michel Samuel"]
[Result "1-0"]
[WhiteTitle "GM"]
[BlackTitle "FM"]
[WhiteElo "2445"]
[BlackElo "2038"]
[WhiteFideId "14102277"]
[BlackFideId "3927903"]
[EventDate "2025.05.27"]

1. e4 e6 2. Nf3 d5 3. Nc3 dxe4 4. Nxe4 Nd7 5. d4 Ngf6 6. Ng3 c5 7. c3 Bd6 8. Bd3
O-O 9. O-O cxd4 10. Nxd4 Nc5 11. Bc2 Be7 12. Be3 Nd5 13. Bd2 Nf6 14. Qe2 b6 15.
b4 Nb7 16. Rad1 a6 17. Bf4 Nd5 18. Nc6 Qe8 19. Nxe7+ Qxe7 20. Rxd5 1-0